000 01249nam0a2200325 4500
001 RU\NLR\bibl\238195
005 20250619113034.0
010 _a5-901345-02-9
_93000
021 _aRU
_b2001-54520
_92647
035 _a(NLR Aleph) 000234097
090 _a1362936
_c1362936
100 _a20020215d2002 |||y0rusy50 ca
101 0 _arus
102 _aRU
105 _aa |||||||||
200 1 _aКоммунальная техника 2001
_eМусоровозы. Техника для содерж. дорог, улиц и аэродромов. Вакуум., илосос. и каналоочистит. машины. Аварийно-ремонт. техника
_e[Катал.-справ.]
210 _aМ.
_cМакЦентр
_d[2002]
215 _a174,[2] с.
_cцв. ил.
_d23
606 0 _aКоммунальное хозяйство
_jКаталоги
_xОборудование
_91213948
_3RU\NLR\auth\66493141
675 _a625.7/.8.002.5(082.2)
_v3
_zrus
686 _a73.31
_2rugasnti
686 _a39.311-06-5
_2rubbk
686 _aН93-5я87
801 0 _aRU
_bRKP
_c20020215
_gPSBO
801 1 _aRU
_bRKP
_c20020215
801 2 _aRU
_bNLR
_c20020522
_grcr
852 _aNLR
_jПт 80.2/88
942 _cBOOK
980 _aNB